Análisis de los personajes femeninos en La Granja de los Animales, de George Orwell /
El artículo revela a traves de La Granja de los Animales las actuaciones de hombres y mujeres en un mundo totalitario, realza la problemática de la mujer subordinada y la diferencia de clases, se caracteriza a los personajes y se les otorga cualidades humanas tales como el raciocinio, además se les...
Tallennettuna:
| Päätekijä: | |
|---|---|
| Aineistotyyppi: | Teksti |
| Aiheet: | |
| Tagit: |
Lisää tagi
Ei tageja, Lisää ensimmäinen tagi!
|
MARC
| LEADER | 00000 a a2200000 04500 | ||
|---|---|---|---|
| 001 | 15369 | ||
| 003 | |||
| 040 | |||
| 100 | |a Meza Sosa, Hortensia | ||
| 245 | |a Análisis de los personajes femeninos en La Granja de los Animales, de George Orwell / |c Hortensia Meza Sosa | ||
| 520 | |a El artículo revela a traves de La Granja de los Animales las actuaciones de hombres y mujeres en un mundo totalitario, realza la problemática de la mujer subordinada y la diferencia de clases, se caracteriza a los personajes y se les otorga cualidades humanas tales como el raciocinio, además se les otorga un lugar dentro la distribución de clases. Refleja claramente el sometimiento de la mujer y la desigualdad que se ha estabalecido entre ésta y el hombre, incluso se resalta el rol que tradicionalmente se le ha adjudicado y que se desprende de las virtudes intrínsecas del término mujer: ternura, maternidad, amor. ACM/ACM | ||
| 650 | |a PUB.IIS | ||
| 650 | |a MUJERES | ||
| 650 | |a ANALISIS DE CONTENIDO | ||
| 650 | |a SOCIALIZACION | ||
| 650 | |a ROL DE LA MUJER | ||
| 650 | |a DESIGUALDAD SOCIAL | ||
| 650 | |a ESTRATIFICACION SOCIAL | ||
| 650 | |a EDUCACION | ||
| 650 | |a CULTURA | ||
| 650 | |a DISCRIMINACION BASADA EN EL SEXO | ||
| 773 | |g volumen 43, número 84 -85; páginas 19-28 | ||
| 999 | |c 38399 |d 38399 | ||
| 773 | 0 | |0 18728 |9 3051 |a Universidad de Costa Rica |d San José, Costa Rica Editorial UCR 1956- |o 16984 |t Revista de Ciencias Sociales/ |x 04825276 | |
